Эффективная генерация с.в.ч.-колебаний на гармониках проводимости диодов Ганна; Приборы и техника эксперимента; № 6

Opis bibliograficzny
Parent link:Приборы и техника эксперимента/ Российская академия наук.— , 1956-.— 0032-8162
№ 6.— 2004.— с. 61-63
1. autor: Алексеев Ю. И.
Kolejni autorzy: Малиёв И. В.
Język:rosyjski
Wydane: 2004
Seria:Электроника и радиотехника
Hasła przedmiotowe:
Format: Rozdział
KOHA link:https://koha.lib.tpu.ru/cgi-bin/koha/opac-detail.pl?biblionumber=427408

MARC

LEADER 00000naa2a2200000 4500
001 427408
005 20231101074637.0
035 |a (RuTPU)RU\TPU\prd\86587 
035 |a RU\TPU\prd\38775 
090 |a 427408 
100 |a 20100909a2004 k y0rusy50 ca 
101 0 |a rus 
102 |a RU 
200 1 |a Эффективная генерация с.в.ч.-колебаний на гармониках проводимости диодов Ганна  |f Ю. И. Алексеев, И. В. Малиёв 
225 1 |a Электроника и радиотехника 
320 |a Библиогр.: 1 назв. 
461 0 |0 (RuTPU)RU\TPU\prd\300  |x 0032-8162  |t Приборы и техника эксперимента  |f Российская академия наук  |d 1956- 
463 0 |0 (RuTPU)RU\TPU\prd\86578  |t № 6  |v с. 61-63  |d 2004 
610 1 |a СВЧ-колебания 
610 1 |a генераторы 
610 1 |a экспериментальные макеты 
610 1 |a гармоники 
610 1 |a проводимость 
610 1 |a диоды Ганна 
675 |a 621.396.67  |v 3 
700 1 |a Алексеев  |b Ю. И. 
701 1 |a Малиёв  |b И. В. 
801 1 |a RU  |b 63413507  |c 20051010  |g PSBO 
801 2 |a RU  |b 63413507  |c 20100909  |g RCR 
942 |c BK